<?xml version="1.0" encoding="UTF-8"?>
<record
    xmlns:xsi="http://www.w3.org/2001/XMLSchema-instance"
    xsi:schemaLocation="http://www.loc.gov/MARC21/slim http://www.loc.gov/standards/marcxml/schema/MARC21slim.xsd"
    xmlns="http://www.loc.gov/MARC21/slim">

  <leader>00602nam a22001697a 4500</leader>
  <datafield tag="999" ind1=" " ind2=" ">
    <subfield code="c">7267</subfield>
    <subfield code="d">7267</subfield>
  </datafield>
  <controlfield tag="003">GBCCL</controlfield>
  <controlfield tag="005">20241126110624.0</controlfield>
  <controlfield tag="008">180720b           ||||| |||| 00| 0 eng d</controlfield>
  <datafield tag="040" ind1=" " ind2=" ">
    <subfield code="c">GBC</subfield>
  </datafield>
  <datafield tag="082" ind1=" " ind2=" ">
    <subfield code="a">227.910484</subfield>
    <subfield code="b">MAY</subfield>
  </datafield>
  <datafield tag="100" ind1=" " ind2=" ">
    <subfield code="a">Mayor, Joseph B.</subfield>
    <subfield code="9">8364</subfield>
  </datafield>
  <datafield tag="245" ind1=" " ind2=" ">
    <subfield code="a">The Epistle of St. James:</subfield>
    <subfield code="b">The Greek text with introduction, notes, comments and further studies in the epistle of St. James /</subfield>
    <subfield code="c">Joseph B. Mayor</subfield>
  </datafield>
  <datafield tag="260" ind1=" " ind2=" ">
    <subfield code="a">Minneapolis:</subfield>
    <subfield code="b">Klock &amp; Klock Christian Publishers,</subfield>
    <subfield code="c">1954.</subfield>
  </datafield>
  <datafield tag="300" ind1=" " ind2=" ">
    <subfield code="a">viii, ccxci, 264, 41 p. ;</subfield>
    <subfield code="b">23 cm.</subfield>
  </datafield>
  <datafield tag="650" ind1=" " ind2=" ">
    <subfield code="2">Bible</subfield>
    <subfield code="a">James</subfield>
    <subfield code="v">Commentaries</subfield>
    <subfield code="9">12864</subfield>
  </datafield>
  <datafield tag="942" ind1=" " ind2=" ">
    <subfield code="2">ddc</subfield>
    <subfield code="c">REF</subfield>
  </datafield>
  <datafield tag="952" ind1=" " ind2=" ">
    <subfield code="0">0</subfield>
    <subfield code="1">0</subfield>
    <subfield code="2">ddc</subfield>
    <subfield code="4">0</subfield>
    <subfield code="7">0</subfield>
    <subfield code="a">GBC</subfield>
    <subfield code="b">GBC</subfield>
    <subfield code="c">COM</subfield>
    <subfield code="d">2018-07-20</subfield>
    <subfield code="l">0</subfield>
    <subfield code="o">227.910484 MAY</subfield>
    <subfield code="p">000131</subfield>
    <subfield code="r">2025-05-01 00:00:00</subfield>
    <subfield code="t">c.1</subfield>
    <subfield code="w">2018-07-20</subfield>
    <subfield code="y">REF</subfield>
  </datafield>
</record>
